Mata reference manual : (Record no. 12568)

000 -LEADER
fixed length control field 00680cam a22002414a 4500
020 ## - INTERNATIONAL STANDARD BOOK NUMBER
ISBN 1597180564 (set)
020 ## - INTERNATIONAL STANDARD BOOK NUMBER
ISBN 9781597180566 (set)
020 ## - INTERNATIONAL STANDARD BOOK NUMBER
ISBN 9781597180573 (v. 1)
020 ## - INTERNATIONAL STANDARD BOOK NUMBER
ISBN 1597180572 (v. 1)
020 ## - INTERNATIONAL STANDARD BOOK NUMBER
ISBN 9781597180580 (v. 2)
020 ## - INTERNATIONAL STANDARD BOOK NUMBER
ISBN 1597180580 (v. 2)
040 ## - CATALOGING SOURCE
Transcribing agency STF
082 00 - DEWEY DECIMAL CLASSIFICATION NUMBER
Classification number 519 STA 2009 A033 Or.
245 00 - TITLE STATEMENT
Title Mata reference manual :
Remainder of title release 11.
246 18 - VARYING FORM OF TITLE
Title proper/short title Stata 11 : Mata matrix programming
246 14 - VARYING FORM OF TITLE
Title proper/short title Stata : release 11
260 ## - PUBLICATION, DISTRIBUTION, ETC. (IMPRINT)
Place of publication College Station, Tex. :
Name of publisher StataCorp LP,
Year of publication c2009.
300 ## - PHYSICAL DESCRIPTION
Number of Pages 2 v. ;
Dimensions 24 cm.
500 ## - GENERAL NOTE
General note Includes index.
650 #0 - SUBJECT ADDED ENTRY--TOPICAL TERM
Topical Term Programming (Mathematics)
710 2# - ADDED ENTRY--CORPORATE NAME
Corporate name or jurisdiction name as entry element StataCorp LP.
942 ## - ADDED ENTRY ELEMENTS (KOHA)
Koha item type សៀវភៅភាសាអង់គ្លេស
952 ## - LOCATION AND ITEM INFORMATION (KOHA)
Withdrawn status [LOCAL, KOHA] 0
Holdings
Permanent Location Date acquired Koha item type Lost status Shelving location Barcode Current Location Full call number
Library Block A2017-08-19សៀវភៅភាសាអង់គ្លេស A027A18257Library Block A331 LYN 2005 A014 Or.
មជ្ឈមណ្ឌលឯការនៃសាកលវិទ្យាល័យភូមិន្ទកសិកម្មចំការដូង

Powered by Koha